000 00478cam a2200145 4500500
005 20251012011334.0
041 _afre
042 _adc
100 1 0 _aN’Diaye, Aïda
_eauthor
245 0 0 _aL’art de la révolte: Snowden, Assange, Manning
260 _c2015.
500 _a78
786 0 _nPhilosophie magazine | 86 | 2 | 2015-02-01 | p. 61-61 | 1951-1787
856 4 1 _uhttps://shs.cairn.info/magazine-philosophie-magazine-2015-2-page-61?lang=fr&redirect-ssocas=7080
999 _c1522697
_d1522697